Normal view MARC view

Entry Personal Name

Number of records used in: 50

001 - CONTROL NUMBER

  • control field: 1237110

003 - CONTROL NUMBER IDENTIFIER

  • control field: OSt

005 - DATE AND TIME OF LATEST TRANSACTION

  • control field: 20260430150317.0

008 - FIXED-LENGTH DATA ELEMENTS

  • fixed length control field: 260430|| aca||aabn | a|a d

040 ## - CATALOGING SOURCE

  • Original cataloging agency: OSt
  • Transcribing agency: OSt

100 ## - HEADING--PERSONAL NAME

  • Personal name: University of Delhi. Faculty of Science. Deptt. of Physics & Astrophysics

670 ## - SOURCE DATA FOUND

  • Source citation: Work cat.: (OSt)1849477: Sethy Pradyumna Kumar Au.; Singh S. Somorendro Gu. 1237109, Phenomenological Studies on High Energy Physics, 2022
Copyright @ Delhi University Library System